[Event "Eastern Asia-ch U18 Girls"]
[Site "Tornelo INT"]
[Date "2021.10.24"]
[Round "9"]
[White "Shah, Vrushti"]
[Black "Laxmi, Rakesh"]
[Result "1-0"]
[WhiteElo "1234"]
[BlackElo "1050"]
[PlyCount "93"]
[EventDate "2021.10.22"]
[EventType "swiss"]
[EventRounds "9"]
[EventCountry "NET"]
[SourceTitle "EXT 2023"]
[Source "ChessBase"]
[SourceDate "2022.10.05"]
[SourceVersion "1"]
[SourceVersionDate "2022.10.05"]
[SourceQuality "1"]

1. e4 c6 2. d4 d5 3. Nd2 dxe4 4. Nxe4 Bf5 5. Ng3 Bg6 6. h4 h6 7. Nf3 Nd7 8. h5 Bh7 9. Bd3 Bxd3 10. Qxd3 Qc7 11. Bd2 Ngf6 12. c4 e6 13. a3 Bd6 14. Ne4 Be7 15. Bc3 Nxe4 16. Qxe4 Nf6 17. Qc2 0-0-0 18. 0-0-0 Bd6 19. Ne5 Rdf8 20. Qd3 Rd8 21. Qf3 Rhf8 22. Qg3 Rg8 23. Qf3 Nh7 24. Qxf7 Qxf7 25. Nxf7 Bf4+ 26. Kb1 Rdf8 27. Ne5 Bxe5 28. dxe5 Rxf2 29. Rd6 Ng5 30. Bd4 Rxg2 31. Bxa7 Re2 32. Rhd1 Nf7 33. Rxe6 Rxe5 34. Rxe5 Nxe5 35. Rg1 Nxc4 36. Bd4 Nd2+ 37. Ka2 Nf3 38. Rxg7 Re8 39. Bc3 Ne5 40. Rh7 Ng4 41. Rg7 Re4 42. Ba5 Ra4 43. Bb6 Nf6 44. Rc7+ Kb8 45. Rf7 Ra6 46. Rf8+ Ne8 47. Rxe8# 1-0

[Event "Eastern Asia-ch U18 Girls"]
[Site "Tornelo INT"]
[Date "2021.10.23"]
[Round "5"]
[White "Le, Thai Nga"]
[Black "Shah, Vrushti"]
[Result "1-0"]
[WhiteElo "1631"]
[BlackElo "1234"]
[PlyCount "79"]
[EventDate "2021.10.22"]
[EventType "swiss"]
[EventRounds "9"]
[EventCountry "NET"]
[SourceTitle "EXT 2023"]
[Source "ChessBase"]
[SourceDate "2022.10.05"]
[SourceVersion "1"]
[SourceVersionDate "2022.10.05"]
[SourceQuality "1"]

1. d4 Nf6 2. Nf3 e6 3. e3 d5 4. Bd3 c6 5. 0-0 Bd6 6. b3 Nbd7 7. Bb2 c5 8. Nbd2 cxd4 9. exd4 Qc7 10. Qe2 0-0 11. Ne5 Nb6 12. f4 Bd7 13. Rf3 Bc6 14. Rh3 h6 15. g4 Rfc8 16. g5 hxg5 17. fxg5 Bxe5 18. dxe5 Ne4 19. Qh5 Kf8 20. Ba3+ Ke8 21. Qh8+ Kd7 22. Qxg7 Rf8 23. Bxf8 Nxd2 24. Qxf7+ Kc8 25. Qxc7+ Kxc7 26. Bd6+ Kd8 27. g6 Nc8 28. g7 Nxd6 29. g8Q+ Ne8 30. Qg5+ Kc7 31. Rh7+ Bd7 32. Qxd2 Rd8 33. Qa5+ Kb8 34. Qxd8+ Bc8 35. Qxe8 d4 36. Qd8 a6 37. Qc7+ Ka7 38. Qxc8 Kb6 39. Rxb7+ Ka5 40. Qc5# 1-0

[Event "IND-ch U13 Girls"]
[Site "Gujarath"]
[Date "2016.07.22"]
[Round "1"]
[White "Jyothsna, L."]
[Black "Shah, Vrushti"]
[Result "1-0"]
[WhiteElo "1750"]
[BlackElo "1236"]
[PlyCount "81"]
[EventDate "2016.07.22"]
[EventType "swiss"]
[EventRounds "11"]
[EventCountry "IND"]
[SourceTitle "EXT 2017"]
[Source "ChessBase"]
[SourceDate "2016.10.25"]
[SourceVersion "1"]
[SourceVersionDate "2016.10.25"]
[SourceQuality "1"]

1. d4 Nf6 2. c4 g6 3. Nc3 d5 4. Nf3 Bg7 5. Bf4 0-0 6. e3 Bf5 7. Qb3 Qc8 8. cxd5 c6 9. Bc4 b5 10. Be2 a6 11. dxc6 Nxc6 12. Ne5 Nxe5 13. Bxe5 Ne4 14. Bxg7 Kxg7 15. Nxe4 Bxe4 16. 0-0 Qc6 17. Rfc1 Qb7 18. f3 Bd5 19. Qb4 Rfc8 20. a3 Bc6 21. Rc5 Rc7 22. Rac1 Rac8 23. Qc3 Kg8 24. d5 Qb6 25. dxc6 f6 26. b4 Kf8 27. f4 Ke8 28. Bg4 Rb8 29. Qb3 Kf8 30. Bd7 Qa7 31. h4 Kg7 32. Qe6 Kf8 33. f5 Rd8 34. Kh1 a5 35. fxg6 hxg6 36. Qg4 Kg7 37. h5 g5 38. Qe4 Rdxd7 39. cxd7 Rxc5 40. Qg6+ Kf8 41. d8R# 1-0